Normal view
MARC view
Entry Personal Name
001 - CONTROL NUMBER
- control field: 5928
003 - CONTROL NUMBER IDENTIFIER
- control field: BD-RjUL
005 - DATE AND TIME OF LATEST TRANSACTION
- control field: 20221120164101.0
008 - FIXED-LENGTH DATA ELEMENTS
- fixed length control field: 221120|| aca||aabn | a|a d
040 ## - CATALOGING SOURCE
- Original cataloging agency: BD-RjUL
- Transcribing agency: BD-RjUL
100 ## - HEADING--PERSONAL NAME
- Personal name: Ferdous, Most. Asma
670 ## - SOURCE DATA FOUND
- Source citation: Work cat.: (BD-RjUL)80809: Ferdous, Most. Asma, Disparity in Primary Education of Bangladesh and ist Adverse Impact :, 2011